00652nam a22002057a 450000500170000001000150001702000270003203500140005903700090007308200080008210000250009024500680011526000440018327001220022730000180034949000100036760000250037794200250040299900190042720260319154913.0 aENG-147955 a9788193136225c1500.00 aEN-131487 bDBAD a615 aHaval, Smruti988662 aIntegrated Handbook Of Family medicine/cSmruti HayalhEnglish  bSukarmayogi Publishersc2016aKarnataka aSukarmayogi Publishers, Rukmini Hoapital,Maddi Gali, Sankeshwar, Belgaum, Karnataka, India-591313bKaranatakae591313 a208pbk.c28cm aVol 3 dHaval, Smruti988663 2ddccENh615mHAVe1 c215675d215675